Govt. of
Madhya Pradesh

The Sankhya Aphorisms Of Kapila (Record no. 16349)

MARC details
000 -LEADER
fixed length control field 003750000a22001570004500
001 - CONTROL NUMBER
control field 004460
003 - CONTROL NUMBER IDENTIFIER
control field MACL
040 ## - CATALOGING SOURCE
Original cataloging agency MACL
090 ## - LOCALLY ASSIGNED LC-TYPE CALL NUMBER (OCLC); LOCAL CALL NUMBER (RLIN)
-- 16453
-- 16452
100 ## - MAIN ENTRY--PERSONAL NAME
Personal name Ballantyne, James R.
245 ## - TITLE STATEMENT
Title The Sankhya Aphorisms Of Kapila
Statement of responsibility, etc. James R. Ballantyne
260 ## - PUBLICATION, DISTRIBUTION, ETC. (IMPRINT)
Place of publication, distribution, etc. Munshiram manoharlal Publishers,
Date of publication, distribution, etc. 2003
350 ## - PRICE (NR) (BK AM CF MU VM SE) [OBSOLETE]
Price 400
650 ## - SUBJECT ADDED ENTRY--TOPICAL TERM
Topical term or geographic name as entry element Philosophy
942 ## - ADDED ENTRY ELEMENTS (KOHA)
Call number prefix 181
Koha item type Library Membar
Holdings
Withdrawn status Lost status Source of classification or shelving scheme Damaged status Not for loan Home library Current library Date acquired Cost, normal purchase price Total Checkouts Full call number Barcode Date last seen Uniform Resource Identifier Price effective from Koha item type
          MACL MACL 15/04/2015 400.00   181.41 BAL CRE016835 02/05/2024 16255 15/04/2015 Books